000 00612nam a2200217Ia 4500
003 OSt
005 20220928144038.0
006 a|||||r|||| 00| 0
007 ta
008 220927b |||||||| |||| 00| 0 eng d
024 _a23748
037 _cTextual
040 _aSDCL
_cSDCL
_beng
041 _2eng
_aeng
082 _aX9:8DS.2'N93t, N3
100 _aMinistry of Finance India, Finance
_9506490
245 0 _aIndustrial sickness and corporate restructuring
260 _c1993
942 _hX9:8DS.2'N93t, N3
_cTEXL
_2CC
999 _c825693
_d825693